Регионална библиотека "Любен Каравелов" - Русе

LOUIS de Manou (Запис номер 344666)

MARC детайли
000 -Лидер
Контролно поле с фиксирана дължина 01128nam a2200325 c 4500
003 - Код на организацията, давaща контролен номер
Контролно поле BLK
005 - Дата и час на последна редакция
Контролно поле 20190927113407.0
008 - Елементи от данни с фиксирана дължина
fixed length control field 180911b bul|||||r ||||||| ||bul||
010 ## - Наследен системен номер
LC control number 004332
040 ## - Източник на каталожния запис
Идентификатор на билиотеката - собственик на записа BLK
041 ## - Код за език
Код за езика на текст/звукозапис или на отделно заглавие Френски
Код за езика КДБФ Български
080 ## - УДК
УДК - код + определител 316.3(540)(091)954294
100 1# - Редна дума - Автор
Автор LOUIS de Manou
Авторска отговорност първи автор
R(LIN) 397027
245 00 - Сведения за заглавието
Заглавие LOUIS de Manou
Подзаглавни данни Les institutions religieuses et civiles des Indiens
260 ## - Област на издателските данни
Място на издаване, разпространение и проч. Paris
Име на издателя, разпространителя и проч. Crapelet
Година на издаване 1833
300 ## - Физическа характеристика
Страници VIII, 483 с
Размери/Мащаб 22 см
380 ## - Жанр
Жанр Религия. Теология
490 ## - СЕРИИ (Колекции)
Име на серия Частна колекция - Академик Михаил Арнаудов
Бележки за серията Дарение - Основен фонд
500 ## - Общи забележки
Забележка Загл. Manava-Dharma-Sastra. - Михаил Арнаудов: на други лица-книга. - Михаил Арнаудов: подпис. - Бележки : Надписи от 1841 г. и 1884 г. - Дата: Lpz. 18.XII.03.
520 ## - Забележка за наличие на резюме, анотация и т.н
Анотация, рецензия, сканиран текст
650 ## - Допълнително описание по предмет – тема
Основно описание – тема или топоним История
9 (RLIN) 397028
655 ## - Ключова дума – жанр/разновидност
Данни за жанр/разновидност или ключова дума за фокус Религии
700 1# - Други автори (авторска отговорност)
Лично име Exposees par Bhrigou
9 (RLIN) 397029
700 1# - Други автори (авторска отговорност)
Лично име Trad. du sanskrit par A. Loiseleur Deslongchamps
9 (RLIN) 397030
852 ## - Местоположение
Форматна сигнатура МА 489
Фондова буква Фонд "Михаил Арнаудов"
999 ## - СИСТЕМНИ КОНТРОЛНИ НОМЕРА
Koha biblionumber 344666
Koha biblioitemnumber 344666
942 ## - АРТИКУЛИ
Вид на библиотечния материал Книги
Скрит в OPAC Не
Периодичен библиозапис Да
944 ## - СЪЗДАВАНЕ И РЕДАКЦИЯ на ЗАПИСА
Създаване/Редакция Създаване
Дата на регистрацията/редакция 1995
Служител, извършил регистрацията/редакцията ValK
999 ## - СИСТЕМНИ КОНТРОЛНИ НОМЕРА
Koha biblioitemnumber 344666
Наличности
Код за отписване Код за изгубен артикул Източник на класификационната схема Код за повреда Коз за рестрикции Код за отдаване Артикулен № Име на библиотеката - собственик Име на библиотеката, в която се намира в момента Статус (Текущо местоположение) Местоположение - отдел Цена в лева Номерация (Хронология) Инвентарен номер Систематично азбучна сигнатура Баркод Номер на екземпляра Цена в евро Служебен тип на артикула Бележка за публиката
  Не е изгубен Universal Decimal Classification Не е повреден без рестрикции Специални фондове ( старопечатни, редки и ценни, фонд М. Арнаудов) 745125 Регионална библиотека "Любен Каравелов" Русе Регионална библиотека "Любен Каравелов" Русе Фонд "Михаил Арнаудов" Фонд "Михаил Арнаудов" 60.25   587382 МА 489 120000587382 1 30.81 Книги
Vip Innovations Ltd, Rousse, Bulgaria 2025